En centro de gravedad y otras cosas / (Record no. 12700)
[ view plain ]
| 000 -CABECERA | |
|---|---|
| campo de control de longitud fija | 00751nam a2200217 a 4500 |
| 001 - NÚMERO DE CONTROL | |
| campo de control | 000013058 |
| 005 - FECHA Y HORA DE LA ÚLTIMA TRANSACCIÓN | |
| campo de control | 20200929163129.0 |
| 008 - DATOS DE LONGITUD FIJA--INFORMACIÓN GENERAL | |
| campo de control de longitud fija | 091119s1969 mx 000 f spa d |
| 040 ## - FUENTE DE LA CATALOGACIÓN | |
| Centro catalogador/agencia de origen | DO-SdBNP |
| Lengua de catalogación | spa |
| Centro/agencia transcriptor | BNPHU |
| 082 ## - NÚMERO DE LA CLASIFICACIÓN DECIMAL DEWEY | |
| Número de clasificación | M863.44 |
| Número de documento/Ítem | H484c |
| 049 ## - FONDOS LOCALES (OCLC) | |
| Fondos de biblioteca | BNGR |
| 100 1# - ENTRADA PRINCIPAL--NOMBRE DE PERSONA | |
| Nombre de persona | Helú, Antonio, |
| Forma completa/desarrollada del nombre | (Cagliostro), |
| Fechas asociadas al nombre | 1900-1972 |
| 9 (RLIN) | 30180 |
| 245 13 - MENCIÓN DE TÍTULO | |
| Título | En centro de gravedad y otras cosas / |
| Mención de responsabilidad, etc. | Antonio Helú. |
| 260 ## - PUBLICACIÓN, DISTRIBUCIÓN, ETC. | |
| Lugar de publicación, distribución, etc. | México : |
| Nombre del editor, distribuidor, etc. | Secretaría de Educación Pública, |
| Fecha de publicación, distribución, etc. | 1969. |
| 300 ## - DESCRIPCIÓN FÍSICA | |
| Extensión | 111 ; |
| Dimensiones | 17 cm. |
| 490 1# - MENCIÓN DE SERIE | |
| Mención de serie | Cuadernos de lectura popular |
| Designación de volumen o secuencia | 228 |
| 490 1# - MENCIÓN DE SERIE | |
| Mención de serie | La honda del espíritu |
| Designación de volumen o secuencia | 228 |
| 650 #4 - PUNTO DE ACCESO ADICIONAL DE MATERIA--TÉRMINO DE MATERIA | |
| Término de materia o nombre geográfico como elemento de entrada | Novela mexicana |
| 9 (RLIN) | 3959 |
| 650 #4 - PUNTO DE ACCESO ADICIONAL DE MATERIA--TÉRMINO DE MATERIA | |
| Término de materia o nombre geográfico como elemento de entrada | Literatura mexicana |
| Subdivisión cronológica | SIGLO XX |
| 9 (RLIN) | 9216 |
| 830 #0 - PUNTO DE ACCESO ADICIONAL DE SERIE-TÍTULO UNIFORME | |
| Título uniforme | Cuadernos de lectura popular, |
| Nombre de parte o sección de la obra | La honda del espíritu ; |
| Designación de volumen o secuencia | 228 |
| 9 (RLIN) | 30181 |
| Estado de retiro | Estado de pérdida | Restricciones de uso | No para préstamo | Código de colección | Localización permanente | Ubicación/localización actual | Ubicación en estantería | Fecha de adquisición | Número de inventario | Total de préstamos | Signatura topográfica completa | Código de barras | Fecha visto por última vez | Precio válido a partir de | Tipo de ítem Koha |
|---|---|---|---|---|---|---|---|---|---|---|---|---|---|---|---|
| Préstamo interno | Monografías: Libros y Folletos | General | General | En catalogación | 19.11.2009 | LF1 | M863.44 H484c | 13058-10 | 25.06.2020 | 25.06.2020 | Préstamo interno | ||||
| Extraviado | Excluido de préstamo | Monografías: Libros y Folletos | General | General | Extraviado | 11.04.2017 | LF1 | M863.44 H484c | 13058-20 | 25.06.2020 | 25.06.2020 | No se presta |
